00691nam a2200217Ia 4500008004100000050001300041050001500054100003000069245008000099245006500179245002900244260003100273260001000304260001000314300001500324300002000339300001100359500005600370521002800426999001900454170504s9999 xx 000 0 und d aHF 5415  b.N499 2016 aNevalga, Ross Ivo Espina. aEvaluation of the quality of customer service of presto pacific hardware :  bas a basis for the development of marketing recommendation / cRoss Ivo Espina Nevalga. aLas Piñas, Philippines : bSISC, c2016. a42 pages : billustrations ; c28 cm. aIncludes bibliographical references and appendices. aBusiness Administration c329786d329786